ARRUPE JESUIT UNIVERSITY

CORONAVIRUS -STOP THE SPREAD - CLEAN,DISINFECT,COVER

The casework relationship. (Record no. 131677)

MARC details
000 -LEADER
fixed length control field 00384nam a22001337a 4500
008 - FIXED-LENGTH DATA ELEMENTS--GENERAL INFORMATION
fixed length control field 230314b |||||||| |||| 00| 0 eng d
020 ## - INTERNATIONAL STANDARD BOOK NUMBER
International Standard Book Number 0043610021.
050 ## - LIBRARY OF CONGRESS CALL NUMBER
Classification number HV43.B49 1957
100 ## - MAIN ENTRY--PERSONAL NAME
Personal name Biestek P.Felix..S.J
9 (RLIN) 52234
245 ## - TITLE STATEMENT
Title The casework relationship.
Statement of responsibility, etc Felix P.Biestek
260 ## - PUBLICATION, DISTRIBUTION, ETC. (IMPRINT)
Place of publication, distribution, etc London:
Name of publisher, distributor, etc George Allen &Unwin
Date of publication, distribution, etc 1957.
300 ## - PHYSICAL DESCRIPTION
Extent 149p;
Dimensions 22cm,
942 ## - ADDED ENTRY ELEMENTS (KOHA)
Source of classification or shelving scheme Library of Congress Classification
Item type Monograph ( Printed materials)
Holdings
Withdrawn status Lost status Source of classification or shelving scheme Damaged status Not for loan Home library Current library Shelving location Date acquired Total Checkouts Full call number Barcode Date last seen Price effective from Koha item type
    Library of Congress Classification     ARRUPE LIBRARY ARRUPE LIBRARY Main Collection 14/03/2023   HV43.B49 1957 46600007848 14/03/2023 14/03/2023 Monograph ( Printed materials)

 

Arrupe Library. PO Box MP320 Mt Pleasant, Harare, Zimbabwe
263 242 745411|librarian@aju.ac.zw